Guess the Disney song with no hints (2) - Statistics

General Stats
  • This quiz has been taken 37 times
  • The average score is 191 of 375
Answer Stats
Lyrics % Correct
I
100%
a
97%
me
87%
the
87%
yo
87%
go
84%
when
84%
When
84%
You
84%
you
84%
an
81%
can
81%
do
81%
it
81%
and
74%
And
74%
Ha
74%
ha
74%
in
74%
is
74%
no
74%
to
74%
To
74%
Who
74%
your
74%
on
71%
what
68%
What
68%
where
68%
at
65%
my
65%
say
65%
win
65%
you're
65%
You're
65%
(you're)
65%
for
61%
I'm
58%
Look
58%
see
55%
So
55%
were
55%
but
52%
don't
52%
Don't
52%
got
52%
him
52%
it's
52%
its
52%
know
52%
let
52%
of
52%
that
52%
up
52%
with
52%
could
48%
from
48%
This
48%
down
45%
every
45%
I've
45%
Oh
45%
sun
45%
two
45%
was
45%
welcome
45%
(welcome)
45%
been
42%
except
42%
god
42%
just
42%
never
42%
now
42%
sea
42%
sky
42%
away
39%
here
39%
staring
39%
think
39%
come
35%
demi
35%
make
35%
night
35%
way
35%
yea
35%
Yes
35%
begin
32%
below
32%
'Cause
32%
'cause
32%
cold
32%
fire
32%
happen
32%
has
32%
Hey
32%
take
32%
tree
32%
around
29%
break
29%
coconuts
29%
day
29%
even
29%
eyes
29%
happening
29%
he's
29%
islands
29%
let's
29%
lot
29%
Mauï
29%
Open
29%
really
29%
thank
29%
what's
29%
What's
29%
world
29%
boat
26%
bod
26%
eel
26%
everything
26%
explain
26%
face
26%
greatness
26%
hair
26%
lookin'
26%
mess
26%
messing
26%
natural
26%
need
26%
OK
26%
ordinary
26%
phenomenon
26%
strange
26%
tide
26%
Well
26%
adorable
23%
anything
23%
Breath
23%
change
23%
float
23%
gonna
23%
guess
23%
guts
23%
guy
23%
high
23%
humans
23%
killed
23%
nice
23%
pulled
23%
skin
23%
Sprouted
23%
stole
23%
yeah
23%
also
19%
Also
19%
being
19%
bring
19%
buried
19%
feel
19%
fun
19%
gotta
19%
map
19%
mean
19%
pray
19%
sailing
19%
breeze
16%
days
16%
grass
16%
ground
16%
honestly
16%
Kid
16%
stretch
16%
There's
16%
thumbs
16%
trees
16%
waddling
16%
lassoed
13%
Okay
13%
okay
13%
shake
13%
tapestry
13%
tappin'
13%
tides
13%
victories
13%
wonderful
13%
fill
10%
harnessed
10%
lesson
10%
mini
10%
anyway
6%
sails
3%
tickety
0%
No matching quizzes found
Score Distribution
Percent of People with Each Score
Percentile by Number Answered
Your Score History
You have not taken this quiz